Vista normal
Vista MARC
Entrada Personal Name
Número de registros utilizados en: 1
001 - CONTROL NUMBER
- control field: 1256
003 - CONTROL NUMBER IDENTIFIER
- control field: OSt
005 - DATE AND TIME OF LATEST TRANSACTION
- control field: 20110831101341.0
008 - FIXED-LENGTH DATA ELEMENTS
- fixed length control field: 110831|||a|||||| | ||| d
040 ## - CATALOGING SOURCE
- Original cataloging agency: OSt
- Transcribing agency: OSt
100 ## - HEADING--PERSONAL NAME
- Personal name: Rowland, H. A. K.
670 ## - SOURCE DATA FOUND
- Source citation: Work cat.: (OSt)343: Emond, Ronald T. D. 1255, Color atlas of infectiouss diseases / , 1995.